• 首页
  • 本馆介绍
  • 公告通知
  • 最新文献
  • 馆藏检索
  • 电子资源
  • 读者导购
  • 参考咨询
  • 我的图书馆
  • 登录
  • 详细信息显示
  • 放入我的书架
  • 预约/预借图书
  • 作者相关作品
  • 分类相关作品
  • 丛书相关作品
  • 出版社相关作品

书目信息

  • 表格格式
  • 工作单格式
  • 卡片格式
题名:
一本书读懂经商心理学
    
 
作者: 王拥军 著
分册:  
出版信息: 北京   企业管理出版社  2016
页数: 13,288页
开本: 24cm
丛书名:
单 册:
中图分类: F713.55-49
科图分类:
主题词: 商业心理学--通俗读物
电子资源:
ISBN: 978-7-5164-1200-8
000 00765nam0 2200229 450
001 012001001209
005 20140920091302.0
010    @a978-7-5164-1200-8@dCNY42.00
100    @a20160506d2016 em y0chiy50 ea
101 0  @achi
102    @aCN@b110000
105    @ay z 000yy
106    @ar
200 1  @a一本书读懂经商心理学@9Yi Ben Shu Du Dong Jing Shang Xin Li Xue@f王拥军著
210    @a北京@c企业管理出版社@d2016
215    @a13,288页@d24cm
330    @a本书梳理了中国从古至今的商业人物、商业事件以及商帮文化,归纳总结出了中国商人本土化生存、发展、壮大的一般规律与经营智慧。
606 0  @a商业心理学@j通俗读物
690    @aF713.55-49@v5
701  0 @a王拥军@9Wang Yong Jun@4著
801  0 @aCN@b上海新华@c20180901
905    @b1156039-43@dF713.55@e1034@f5
    
    一本书读懂经商心理学/王拥军著.-北京:企业管理出版社,2016
    13,288页;24cm
    
    
    ISBN 978-7-5164-1200-8:CNY42.00
    本书梳理了中国从古至今的商业人物、商业事件以及商帮文化,归纳总结出了中国商人本土化生存、发展、壮大的一般规律与经营智慧。
●
相关链接 在E读中查询图书 在五车中查询图书 在当当中查询图书 在豆瓣中查询图书


正题名:一本书读懂经商心理学     索取号:F713.55/1034         预约/预借

序号 登录号 条形码 馆藏地/架位号 状态 备注
1 1156039   211560390   第一样本阅览室/ [索取号:F713.55/1034] 在馆    
2 1156040   211560407   第一借阅区/ [索取号:F713.55/1034] 在馆    
3 1156041   211560416   第一借阅区/ [索取号:F713.55/1034] 在馆    
4 1156042   211560425   第一借阅区/ [索取号:F713.55/1034] 在馆    
5 1156043   211560434   密集书库-海洋学院/ [索取号:F713.55/1034] 在馆    
唐山师范学院图书馆 欢迎您!
大连网信软件有限公司© 版权所有